| 000 | 00447nam a22001817a 4500 | ||
|---|---|---|---|
| 003 | SISC | ||
| 005 | 20160317153107.0 | ||
| 008 | 121119t xxu||||| |||| 00| 0 eng d | ||
| 020 | _a034037389X | ||
| 050 |
_aNC 1499 _b.As853 1961 |
||
| 082 |
_aKF AST _bBk.1 |
||
| 245 |
_aAsterix the Gaul _cby Goscinny and Uderzo |
||
| 260 |
_aLondon _bHodder Dargaud Ltd. _c1961 |
||
| 300 |
_g20 cm _a48 p. |
||
| 562 | _e1 | ||
| 942 |
_2lcc _cBK |
||
| 999 |
_c1223 _d1223 |
||